000 01172nam0a22002651 4500
001 v19\rc\2018484
005 20260406080645.0
035 _a(NLR Aleph) 005119215
090 _a7576162
_c7576162
100 _a20080925d1903 |||y0rusy50 ca
101 1 _arus
_cger
102 _aRU
105 _ag z |||||
200 1 _aСимфония "Фауст" (в 3-х характеристических картинах)
_eДля большого оркестра, тенора-соло и мужского хора
_eАнализ
_e(Пер. с нем.)
_fСоч. Франца Листа
210 _aМосква
_cэлектроскоропечатня нот П. Юргенсона
_dценз. 1903
215 _a11 с.
_cнот.
_d20
532 1 1 _aСимфония Фауст в трех характеристических картинах
702 1 _4230
_8rus
_7ca
_aЛист
_bФ.
_f1811-1886
_gФеренц
_3RU\NLR\AUTH\7743076
_926019
790 1 _8rus
_7ca
_aЛист
_bФ.
_f1811-1886
_gФеренц
_3RU\NLR\AUTH\7743076
_926019
801 0 _aRU
_bNLR
_gpsbo
801 1 _aRU
_bProSoft-M
_2rusmarc
852 _aNLR
_j18.161.5.183
942 _cBOOK
980 _aNB